| 000 | 00470nam a2200181Ia 4500 | ||
|---|---|---|---|
| 008 | 240925s9999 xx 000 0 und d | ||
| 020 | _aNA | ||
| 082 | _a297.1 ABU | ||
| 100 | _aAbu Mansoor - | ||
| 245 | 0 | _aALQuran-ul-Kareem (القران الکریم) | |
| 250 | _aNA | ||
| 260 |
_aKarachi: _bOxford University Press _c,1999. |
||
| 300 |
_axviii,394p. _bNA _fOriginal |
||
| 500 | _aNA | ||
| 600 | _aHumanities & Natural Science | ||
| 650 | _aReligion | ||
| 942 | _cBK | ||
| 999 |
_c6194 _d6194 |
||